All Turkish Süper Lig Teams Ever - Statistics

General Stats
  • This quiz has been taken 562 times
  • The average score is 35 of 73
Answer Stats
Answer % Correct
Fenerbahce
100%
Besiktas
99%
Galatasaray
99%
Trabzonspor
96%
Bursaspor
92%
Basaksehir
90%
Antalyaspor
87%
Ankaragucu
86%
Adana Demirspor
81%
Samsunspor
80%
Adanaspor
79%
Alanyaspor
79%
Goztepe
78%
Kayserispor
78%
Rizespor
78%
Sivasspor
78%
Kasimpasa
76%
Konyaspor
75%
Genclerbirligi
74%
Gaziantepspor
73%
Hatayspor
72%
Istanbulspor
72%
Altay
71%
Erzurumspor
67%
Eskisehirspor
67%
Karagumruk
64%
Pendikspor
64%
Kocaelispor
62%
Malatyaspor
59%
Sakaryaspor
59%
Ankaraspor
58%
Karsiyaka
58%
Giresunspor
56%
Orduspor
55%
Vanspor
54%
Akhisarspor
52%
Karabukspor
51%
Manisaspor
51%
Denizlispor
50%
Diyarbakirspor
48%
Balikesirspor
47%
Umraniyespor
45%
Boluspor
40%
Gaziantep FK
38%
Elazigspor
36%
Yeni Malatyaspor
36%
Izmirspor
32%
Kayseri Erciyesspor
32%
Bucaspor
31%
Altinordu
29%
Aydinspor
28%
Sariyer
27%
Yozgatspor
21%
Keciorengucu
20%
Siirtspor
20%
Ankara Demirspor
18%
Dardanelspor
15%
Kahramanmarasspor
15%
Vefaspor
15%
Akcaabat Sebatspor
9%
Hacettepespor
9%
Zeytinburnuspor
9%
Beykozspor
7%
Kirikkalespor
6%
Bakirkoyspor
5%
Petrolofisi
5%
Fenerspor
4%
Mersin Talimyurdu
4%
Turk Telekomspor
4%
Ferikoy
3%
Alibeykoyspor
2%
Turanspor
2%
Erzurumspor FK
1%
No matching quizzes found
Score Distribution
Percent of People with Each Score
Percentile by Number Answered
Your Score History
You have not taken this quiz